| 000 | 01080nam a22002057a 4500 | ||
|---|---|---|---|
| 999 |
_c58198 _d58198 |
||
| 003 | Ge_BSU | ||
| 005 | 20210910125700.0 | ||
| 008 | 210910s2020 ge ||||| |||| 00| 0 geo d | ||
| 020 | _a9789941823077 | ||
| 041 | _ageo | ||
| 080 | _a821.112.2.03=353.1 კ-49 | ||
| 100 |
_aკიფერი, ანსელმ _912444 |
||
| 245 |
_a"მე რეალობას ვეძებ..." : _b ანსელმ კიფერთან ფრანცისკა ლოითჰოისერის ინტერვიუ / _c ანსელმ კიფერი ; გერმანულიდან თარგმნა დათო ბარბაქაძემ. |
||
| 264 |
_aთბილისი : _bმერწყული, _c2020. |
||
| 300 |
_a54 გვ. ; _b20 სმ. |
||
| 500 | _aშენიშვნები: გვ.47-53. | ||
| 653 | _aლოითჰოისერი, ფრანცისკა, ინტერვიუერი | ||
| 700 |
_aბარბაქაძე, დატო _eმთარგმნელი _912445 |
||
| 942 |
_2udc _cBK |
||